000 00701nam a2200289Ia 4500
005 20260324145346.0
008 008 260324s9999 xx 000 0 eng d
020 _a9780429285950
037 _aEBOOK
040 _aCRL
040 _beng
040 _cCRL
041 _2eng
041 _aeng
084 _qCRL
100 _aAnthony Gronowicz
_91222677
245 0 _aOswald Garrison Villard
245 4 _bThe Dilemmas of the Absolute Pacifist in Two World Wars
260 _bTaylor and Francis
260 _c1983
365 _a
365 _b350
856 _uhttp://www.taylorfrancis.com/books/9780429285950
942 _cEBOOK
999 _c1830476
_d1830476